States of Malaysia Map Quiz - Statistics

General Stats
  • This quiz has been taken 1,703 times
  • The average score is 10 of 16
Answers on the Map
Answers color-coded by a green-red scale on the quiz's map according to % correct below.
 
Answer Stats
Answer % Correct
Johor
73%
Sabah
72%
Sarawak
70%
Kuala Lumpur
69%
Malacca
65%
Penang
61%
Pahang
60%
Labuan
59%
Terengganu
58%
Perlis
56%
Selangor
56%
Kedah
55%
Kelantan
54%
Putrajaya
54%
Negeri Sembilan
53%
Perak
52%
No matching quizzes found
Score Distribution
Percent of People with Each Score
Percentile by Number Answered
Your Score History
You have not taken this quiz